| 000 | 00859nam a2200241 i 4500 | ||
|---|---|---|---|
| 001 | 189198 | ||
| 003 | SpMaBN | ||
| 005 | 20250803063107.0 | ||
| 008 | 190424s1968 ne d |||| | dut d | ||
| 080 | _a803.931-3=60 | ||
| 100 | 1 |
_aDam, Cornelius Franz Adolf van, _d1899-1972 _942548 |
|
| 245 | 1 | 0 |
_aSpaans handwoordenboek. _n2 / _cC.F.A. van Dam. |
| 250 | _a4ª druk. | ||
| 260 |
_a[Amsterdam] : _bVan Goor Zonen, _c1968. |
||
| 300 |
_a1 v. (VIII, 1224 p.) ; _c23 cm. |
||
| 490 | 1 | _aVan Goor's handwoordenboeken | |
| 505 | 8 |
_aContiene: Tweede deel ; _tNederlands-Spaans |
|
| 650 | 7 |
_aLengua holandesa- _vDiccionarios- _xEspañol. _9163965 |
|
| 830 | 0 |
_aVan Goor's handwoordenboeken _9225789 |
|
| 852 |
_aES-MaACL _jA-14486 _9 196336 _bR.152046 _cDEPO1 _dOlim: N-7486 _xEncuadernación en cartoné. |
||
| 942 | _2udc | ||
| 999 |
_c189198 _d189198 |
||